The Oxford 3000 - Letter Y & Z - Translate from Polish to English - Statystyki

Ogólne statystyki
  • Ten quiz został rozwiązany 15 razy
  • Średni wynik to 14 z 15
Statystyki odpowiedzi
Polish Angielski % Poprawnych
jard; podwórko yard
100%
rok year
100%
żółty yellow
100%
tak yes
100%
wczoraj yesterday
100%
ty; wy; pan/pani you
100%
młody; młodzi ludzie; młodzież young
100%
twój; wasz your
100%
twój; wasz(bez rzeczownika) yours
100%
zero zero
91%
strefa; obszar zone
91%
jeszcze; już (w pytaniach i przeczeniach); jednak; mimo to yet
82%
siebie; sam yourself
82%
tak; jasne yeah
64%
młodość; młodzież youth
45%
Nie znaleziono quizów pasujących do podanych kryteriów
Rozkład punktacji
Procent ludzi z każdym wynikiem
Percentyl według liczby udzielonych odpowiedzi
Twoja historia wyników
Nie rozwiązałeś tego quizu